Clash Royale Flying Cards - Statistics

General Stats
  • This quiz has been taken 290 times
    263 since last reset
  • The average score is 10 of 13
Answer Stats
Elixir Cards % Correct
4 Baby Dragon
97%
4 Electro Dragon
88%
4 Inferno Dragon
88%
3 Minions
87%
7 Lava Hound
85%
5 Minion Horde
80%
2 Bats
79%
4 Flying Machine
78%
5 Balloon
77%
4 Skeleton Dragons
68%
3 Mega Minion
55%
3 Skeleton Barrel
50%
4 Phoenix
37%
No matching quizzes found
Score Distribution
Percent of People with Each Score
Percentile by Number Answered
Your Score History
You have not taken this quiz since the last reset